| 000 | 00732nam a2200253 i 4500 | ||
|---|---|---|---|
| 001 | 9920 | ||
| 003 | KOSZ 005 | ||
| 005 | 20220325121337.0 | ||
| 008 | 961010s1976 uk f |000 0 eng d | ||
| 020 | _a0470346361 | ||
| 040 |
_cKOSZ 005 _aKOSZ 005 _dKOSZ 005/HR |
||
| 046 | _k1976 | ||
| 080 | _a624.2 | ||
| 100 | 1 |
_aHambly, Edmund C. _eAutor |
|
| 245 | 0 |
_aBridge deck behaviour / _cEdmund C. Hambly. |
|
| 260 |
_aLondon : _bChapman and Hall, _c1976. |
||
| 380 | _aKsiążki | ||
| 388 | _a1901-2000 | ||
| 388 | _a1945-1989 | ||
| 650 | 9 | _aMosty | |
| 658 | _aArchitektura i budownictwo | ||
| 856 |
_uhttp://koha.tu.koszalin.pl/cgi-bin/koha/opac-detail.pl?biblionumber=9920 _yKatalog online BPK |
||
| 942 |
_cKS _2UKD |
||
| 999 |
_c9920 _d9920 |
||